| 000 | 00755nam a22002177a 4500 | ||
|---|---|---|---|
| 005 | 20150122104515.0 | ||
| 008 | 120412s2009 ck a gr 00010 spa d | ||
| 020 | _a9789586601481 | ||
| 040 |
_aCO-BoIAVH _cCO-BoIAVH |
||
| 041 | 0 | _aspa | |
| 044 | _ack | ||
| 082 | 0 | 4 |
_a630.3 _bG64e |
| 100 | 1 |
_aGonzalez-Santos, Wilson. _924006 |
|
| 245 | 1 | 0 |
_aEducación y entorno en la ingeniería agronómica : _bun encuentro entre la academia y su contexto / |
| 260 |
_aTunja : _bUniversidad Pedagógica y Tecnológica de Colombia, _c2009. |
||
| 300 |
_a53 p. : _bil. ; _c25 cm. |
||
| 650 | 4 |
_aAgronomía _x Enseñanza. _931909 |
|
| 650 | 4 |
_aIngeniería agronómica _x Enseñanza. _931910 |
|
| 650 |
_aDesarrollo rural _x Enseñanza. _931911 |
||
| 942 |
_2ddc _cImpreso |
||
| 999 |
_c8422 _d8422 |
||